Prenos synchronizácie v prostredí moderných telekomunikačných sietí

Enregistré dans:
Détails bibliographiques
Auteur principal: Balog, Ján (Auteur)
Autres auteurs: Róka, Rastislav (Directeur de thèse)
Format: Manuscrit Livre
Langue:slovaque
Publié: 2018
Sujets:
Accès en ligne:http://is.stuba.sk/zp/portal_zp.pl?podrobnosti=137444
Tags: Ajouter un tag
Pas de tags, Soyez le premier à ajouter un tag!

MARC

LEADER 00000ntm a22000003a 4500
001 stuzp66578
003 SK-STU
005 20181029105322.2
007 ta
008 150427s2015----xo-----f-mn---000-0-slo-d
040 |a STU  |b slo 
041 0 |a slo 
044 |a xo 
100 1 |a Balog, Ján  |u 037000  |4 aut  |U FEI Fakulta elektrotechniky a informatiky  |T FEI Ústav multimediálnych informačných a komunikačných technológií  |X 8586  |U E070  |Y 818  |7 8586 
242 0 1 |a Synchronization Transmission in the Environment of Modern Telecommunication Networks  |y eng 
245 1 0 |a Prenos synchronizácie v prostredí moderných telekomunikačných sietí 
260 |c 2018 
300 |a 56 s. 
650 4 |a synchronization  |2 eng 
650 4 |a NG-SDH  |2 eng 
650 4 |a carrier ethernet  |2 eng 
650 4 |a NG-SDH  |2 slo 
650 4 |a Carrier Ethernet  |2 slo 
650 4 |a synchronizácia  |2 slo 
700 1 |a Róka, Rastislav  |u 037000  |k Z1  |4 ths  |U FEI Fakulta elektrotechniky a informatiky  |T FEI Ústav multimediálnych informačných a komunikačných technológií  |X 1946  |U E070  |Y 818  |7 A000001946 
856 4 |u http://is.stuba.sk/zp/portal_zp.pl?podrobnosti=137444 
996 |b 284EP11918  |c E*DIPL- 11918  |l EE37  |s P  |a 0  |w stuzp66578_0001